| 000 | 00977nam a2200289 a 4500 | ||
|---|---|---|---|
| 001 | 38100 | ||
| 003 | (BD-RjUL) | ||
| 005 | 20211209052727.0 | ||
| 008 | 161018s1978 nyua b 001 0 eng | ||
| 020 | _a0070273634 | ||
| 035 | _a(BD-RjUL)38205 | ||
| 040 |
_aDLC _cDLC _dBD-RjUL _beng |
||
| 041 | _aeng | ||
| 082 | 0 | 0 |
_223 _a004.22 _bHAC 1978 |
| 100 | 1 |
_aHayes, John P. _q(John Patrick), _d1944- _9160086 |
|
| 245 | 1 | 0 |
_aComputer architecture and organization / _cJohn P. Hayes. |
| 250 | _aInternational Student Edition | ||
| 260 |
_aNew York : _bMcGraw-Hill, _cc1978. |
||
| 260 |
_aLondon : _bMcGrawhill book, _c1979[1986] |
||
| 300 |
_axii, 498 p. : _bill. ; _c24 cm. |
||
| 490 | 0 | _aMcGraw-Hill computer science series | |
| 504 | _aIncludes bibliographies and index. | ||
| 650 | 0 |
_aComputer architecture. _9160087 |
|
| 650 | 0 |
_aElectronic digital computers _xDesign and construction. _9160088 |
|
| 830 |
_aMcGraw-Hill computer science series _9236966 |
||
| 942 |
_2ddc _cBK |
||
| 999 |
_c38100 _d38100 |
||